[Event "World-ch Carlsen-Karjakin Tiebreak"]
[Site "New York"]
[Date "2016.11.30"]
[Round "4"]
[White "Carlsen, Magnus"]
[Black "Karjakin, Sergey"]
[Result "1-0"]
[WhiteElo "2853"]
[BlackElo "2772"]
[Annotator "Navara,D"]
[PlyCount "99"]
[EventDate "2016.11.30"]
[EventType "match (rapid)"]
[EventRounds "4"]
[EventCountry "USA"]
[SourceTitle "CBM 176"]
[Source "ChessBase"]
[SourceDate "2017.01.17"]
[SourceVersion "1"]
[SourceVersionDate "2017.01.17"]
[SourceQuality "1"]

{It is very hard to win with Black on demand. On the other hand, it not easy
to play such a game with White, either. The subconscious desire to make a draw
might lead to concessions and gradually to a deterioration of one's position.
Magnus coped with this task excellently. He played for the win while not
avoiding a possible move repetition, thus forcing Sergey to make further
concessions.} 1. e4 c5 2. Nf3 d6 3. d4 cxd4 4. Nxd4 Nf6 5. f3 e5 6. Nb3 Be7 (
6... d5 {is a decent move, but White should not have too many problems after}
7. Bg5 {.} {The main continuation} Be6 (7... d4 $5 {deserves serious attention.
It has already been played by strong players like Vachier-Lagrave, Cheparinov
and Navara. Black can achieve a double-edged position without making too many
concessions.}) 8. Bxf6 gxf6 9. exd5 Qxd5 10. Qxd5 Bxd5 11. Nc3 {leads to an
equal endgame which is fairly safe for White.}) ({There is a nice trap:} 6...
a5 7. c4 $6 (7. Bb5+ Nc6 8. Nc3) 7... Nxe4 $1 8. fxe4 Qh4+ 9. Kd2 a4 {with
Black's edge. To be honest, I failed to find 7...Nxe4 myself several years ago.
But it would be too naive to expect Magnus to miss it.}) 7. c4 a5 {Now White's
bishop cannot go to b5 anymore. Both sides have created considerable
weaknesses in their camps, viz. the squares d4 (White) or b5 and d5 (Black).}
8. Be3 a4 9. Nc1 O-O 10. Nc3 Qa5 11. Qd2 Na6 (11... Be6 {might have been a bit
more flexible. I would like to play Be7-d8-b6 to exchange the bad bishop, but
White can probably prevent it. Black should rather play ...Rc8, attacking the
c4-pawn.} 12. b3 $5 axb3 13. Nxb3 {might well be critical from the theoretical
point of view.}) 12. Be2 Nc5 13. O-O Bd7 14. Rb1 Rfc8 15. b4 $1 {It is
important to protect the c4-pawn. White opens the a-file, but Black's rook
cannot penetrate.} axb3 16. axb3 Qd8 17. Nd3 $14 {White has achieved a
pleasant position. His pawn structure is better and Black does not have
adequate counterplay.} Ne6 18. Nb4 Bc6 (18... Nf4 $5 {might have been an
option, the idea being} 19. Bxf4 Qb6+ ({or even} 19... exf4 20. Nbd5 Nxd5 21.
Nxd5 g5 {Still, it is hard to imagine Black winning such a position. The text
maintains more tension.}) 20. Be3 Qxb4) 19. Rfd1 h5 $1 {I like this decision.
Black starts counterplay on the dark squares around White's king.} (19... Ne8 {
followed by Bg5 might have been objectively better, but it led to a worse
endgame after} 20. Nbd5 Bg5 21. Nb6 Qxb6 22. Bxb6 Bxd2 23. Rxd2 {.}) 20. Bf1 h4
21. Qf2 (21. Nbd5 Bxd5 22. exd5 Nf4 {might objectively be better for White,
but giving up the control of the d5-square looks unnecessary.}) 21... Nd7 (
21... Nh5 {allows both} 22. Ncd5 ({and} 22. Nxc6 bxc6 23. c5)) 22. g3 {The
computer dislikes this move, but it is not easy to suggest anything better.
Komodo's suggestion 22.Kh1 is too mysterious for me and} ({direct
continuations like} 22. Nxc6 bxc6 23. b4 {also have their drawbacks, as the
d4-square could eventually become weak after something like} c5 $5 {.}) 22...
Ra3 $6 (22... Bg5 {might have been a better try. White had better not take the
d6-pawn:} 23. Bxg5 (23. Rxd6 $6 Qf8 $1) 23... Qxg5 24. Rxd6 (24. Nc2 $1 $14)
24... Qe7 25. Rbd1 Nd4 26. R6xd4 $1 exd4 27. Ncd5 $13) 23. Bh3 Rca8 24. Nc2
R3a6 25. Nb4 Ra5 {Sergey bravely avoids the repetition, but his position
remains worse.} 26. Nc2 b6 27. Rd2 Qc7 28. Rbd1 Bf8 29. gxh4 $5 {A somewhat
surprising decision. White opens the kingside, as Black cannot exploit the
weakness of the f4-square.} Nf4 30. Bxf4 ({The computer suggests} 30. Bxd7 Qxd7
31. Kh1 {and takes on f4 later, but White's continuation is also fairly strong.
}) 30... exf4 31. Bxd7 $1 Qxd7 32. Nb4 Ra3 33. Nxc6 Qxc6 34. Nb5 Rxb3 ({
Black could hardly play for the win after} 34... Ra1 {.}) 35. Nd4 Qxc4 36. Nxb3
Qxb3 {White has a material advantage. It is not easy to convert, as his king
is a bit exposed. On the other hand, Black's bishop is passive and his king is
not safe, either.} 37. Qe2 Be7 38. Kg2 Qe6 39. h5 Ra3 40. Rd3 Ra2 41. R3d2 Ra3
42. Rd3 Ra7 43. Rd5 Rc7 44. Qd2 Qf6 (44... Qh6 45. Rf5 Rc5 46. Qxf4 Qxf4 47.
Rxf4 Rg5+ 48. Rg4 Rxh5 {might have been a bit more tenacious, but it would
have been equivalent to a resignation in the match.}) 45. Rf5 Qh4 46. Rc1 Ra7
47. Qxf4 Ra2+ 48. Kh1 Qf2 49. Rc8+ Kh7 {It looks as if Black were suddenly
winning, but Magnus had foreseen everything and finished the match in style.}
50. Qh6+ $3 {and Black resigned before an inevitable mate. It was a
fascinating conclusion to a very tense match. Sergey Karjakin deserves every
credit for his strong play. He and his team prepared for the match excellently
and could have won it. He showed that it is possible to play against Magnus on
equal terms and that the Norwegian's throne isn't unshakeable. But I also
believe that Magnus deserves the title. He has been the world's number 1 for
many years and he is the strongest player in the world. He did not lose in the
classical part of the match and eventually prevailed in rapid chess.} 1-0

[Event "PRO League Stage"]
[Site "Chess.com INT"]
[Date "2017.02.15"]
[Round "6"]
[White "Grover, Sahaj"]
[Black "Carlsen, Magnus"]
[Result "1/2-1/2"]
[WhiteElo "2467"]
[BlackElo "2840"]
[PlyCount "116"]
[EventDate "2017.01.11"]
[EventType "team-swiss (rapid)"]
[EventRounds "7"]
[EventCountry "USA"]
[SourceTitle "CBM 176 Extra"]
[Source "ChessBase"]
[SourceDate "2017.03.02"]
[SourceVersion "1"]
[SourceVersionDate "2017.03.02"]
[SourceQuality "1"]
[WhiteTeam "Delhi Dynamite"]
[BlackTeam "Norway Gnomes"]
[WhiteTeamCountry "IND"]
[BlackTeamCountry "NOR"]

1. e4 g6 2. d4 d6 3. Nc3 Bg7 4. Nf3 Nf6 5. h3 O-O 6. Be2 Nc6 7. O-O e5 8. dxe5
Nxe5 9. Nxe5 dxe5 10. Bg5 c6 11. Qxd8 Rxd8 12. f4 Rd4 13. Rad1 Be6 14. f5 gxf5
15. exf5 Bc4 16. Bxc4 Rxc4 17. Rfe1 Nd5 18. Nxd5 cxd5 19. Rxd5 h6 20. Bd2 Rxc2
21. Bc3 Re8 22. Re4 Re7 23. Kf1 f6 24. Re2 Rc1+ 25. Re1 Rxe1+ 26. Kxe1 h5 27.
Ke2 Bh6 28. Rd8+ Kf7 29. Kd3 e4+ 30. Ke2 Rc7 31. Rh8 Kg7 32. Re8 e3 33. Re6 Bg5
34. h4 Bxh4 35. Kxe3 Bg5+ 36. Ke4 h4 37. Rd6 Rc4+ 38. Rd4 Rc7 39. Rd6 Re7+ 40.
Re6 Rd7 41. Bb4 Kh6 42. Re7 Rd1 43. Rxb7 Rf1 44. Bd6 a5 45. a4 Kh5 46. b4 axb4
47. a5 Ra1 48. Bxb4 Kg4 49. Bc3 Ra3 50. Bb4 Ra2 51. Kd5 Rxg2 52. a6 Ra2 53. a7
Be3 54. Bc5 Bxc5 55. Kxc5 h3 56. Rh7 Kxf5 57. Kb6 Kg4 58. Rh8 f5 1/2-1/2

[Event "Tata Steel-A 79th"]
[Site "Wijk aan Zee"]
[Date "2017.01.14"]
[Round "1"]
[White "So, Wesley"]
[Black "Carlsen, Magnus"]
[Result "1/2-1/2"]
[WhiteElo "2808"]
[BlackElo "2840"]
[PlyCount "65"]
[EventDate "2017.01.14"]
[EventType "tourn"]
[EventRounds "13"]
[EventCountry "NED"]
[EventCategory "21"]
[SourceTitle "CBM 177"]
[Source "ChessBase"]
[SourceDate "2017.03.16"]
[SourceVersion "1"]
[SourceVersionDate "2017.03.16"]
[SourceQuality "1"]
[TimeControl "40/6000+30:20/3000+30:900+30"]

1. d4 {[%emt 0:00:00]} d5 {[%emt 0:00:10]} 2. c4 {[%emt 0:00:00]} c6 {[%emt 0:
00:06]} 3. Nf3 {[%emt 0:00:14]} Nf6 {[%emt 0:00:08]} 4. e3 {[%emt 0:00:40]} Bf5
{[%emt 0:02:24]} 5. Nc3 {[%emt 0:00:19]} a6 {[%emt 0:00:09]} 6. Ne5 {[%emt 0:
09:36]} Nbd7 {[%emt 0:00:24]} 7. Qb3 {[%emt 0:01:43]} Qc7 {[%emt 0:00:06]} 8.
cxd5 {[%emt 0:03:51]} Nxe5 {[%emt 0:00:06]} 9. dxe5 {[%emt 0:00:05]} Nxd5 {
[%emt 0:00:04]} 10. Nxd5 {[%emt 0:00:34]} cxd5 {[%emt 0:00:02]} 11. Bd2 {
[%emt 0:00:08]} Qxe5 {[%emt 0:00:20]} 12. Bc3 {[%emt 0:01:21]} Qc7 {[%emt 0:01:
18]} 13. Qxd5 {[%emt 0:01:16]} e6 {[%emt 0:07:10]} 14. Qc4 $146 {[%emt 0:17:54]
} (14. Qd4 Rd8 15. Qa4+ Qd7 16. Qxd7+ Rxd7 17. f3 f6 18. e4 Bg6 19. Bc4 Bf7 20.
e5 Be7 21. Ke2 fxe5 22. Bxe5 Bf6 23. Bxf6 gxf6 24. Rhd1 Rg8 25. g3 Rg5 26. Rxd7
Kxd7 27. Rd1+ Ke7 28. b4 Rg8 29. Rd4 Rc8 30. Rh4 Bg6 31. a4 e5 32. Bd3 b5 33.
axb5 axb5 34. Bxb5 Rc2+ 35. Kd1 Rb2 36. Ba4 e4 37. fxe4 Rxb4 38. Bc2 f5 39. Kd2
fxe4 40. Kc3 Rb6 41. Bxe4 Bxe4 42. Rxe4+ Kf6 43. Rh4 Kg6 {Kovalenko,I (2667)
-Andreikin,D (2733) Poikovsky 2016 1/2-1/2}) 14... Qxc4 {[%emt 0:02:49]} 15.
Bxc4 {[%emt 0:00:05]} Rc8 {[%emt 0:00:30]} 16. Bb3 {[%emt 0:07:53]} Be7 {
[%emt 0:11:51]} 17. Ke2 {[%emt 0:04:54]} Be4 {[%emt 0:02:58]} 18. Bxg7 {
[%emt 0:14:53]} Rg8 {[%emt 0:00:05]} 19. Be5 {[%emt 0:00:05]} Rxg2 {[%emt 0:01:
16]} 20. Rac1 {[%emt 0:06:33]} Rxc1 {[%emt 0:00:14]} 21. Rxc1 {[%emt 0:00:03]}
Rg5 {[%emt 0:00:30]} 22. Bf4 {[%emt 0:01:32]} Rc5 {[%emt 0:00:08]} 23. Rxc5 {
[%emt 0:00:05]} Bxc5 {[%emt 0:00:02]} 24. Bc4 {[%emt 0:00:07]} b5 {[%emt 0:00:
22]} 25. Bd3 {[%emt 0:00:04]} Bxd3+ {[%emt 0:00:08]} 26. Kxd3 {[%emt 0:00:04]}
f5 {[%emt 0:00:10]} 27. f3 {[%emt 0:00:04]} Kd7 {[%emt 0:00:06]} 28. e4 {
[%emt 0:00:06]} Kc6 {[%emt 0:00:15]} 29. h3 {[%emt 0:00:06]} h5 {[%emt 0:00:23]
} 30. b3 {[%emt 0:00:05]} Bb6 {[%emt 0:00:11]} 31. Be5 {[%emt 0:00:03]} Bc5 {
[%emt 0:00:11]} 32. Bf4 {[%emt 0:00:04]} Bb6 {[%emt 0:00:06]} 33. Be5 {[%emt 0:
00:02]} 1/2-1/2

[Event "Tata Steel-A 79th"]
[Site "Wijk aan Zee"]
[Date "2017.01.16"]
[Round "3"]
[White "Andreikin, Dmitry"]
[Black "Carlsen, Magnus"]
[Result "1/2-1/2"]
[WhiteElo "2736"]
[BlackElo "2840"]
[PlyCount "53"]
[EventDate "2017.01.14"]
[EventType "tourn"]
[EventRounds "13"]
[EventCountry "NED"]
[EventCategory "21"]
[SourceTitle "CBM 177"]
[Source "ChessBase"]
[SourceDate "2017.03.16"]
[SourceVersion "1"]
[SourceVersionDate "2017.03.16"]
[SourceQuality "1"]
[TimeControl "40/6000+30:20/3000+30:900+30"]

1. d4 {[%emt 0:00:00]} Nf6 {[%emt 0:01:15]} 2. c4 {[%emt 0:00:18]} e6 {[%emt 0:
00:37]} 3. Nf3 {[%emt 0:00:22]} d5 {[%emt 0:00:08]} 4. g3 {[%emt 0:00:14]} Bb4+
{[%emt 0:00:17]} 5. Bd2 {[%emt 0:00:07]} Bd6 {[%emt 0:00:09]} 6. Bg2 {[%emt 0:
01:14]} O-O {[%emt 0:02:27]} 7. O-O {[%emt 0:00:29]} Nbd7 {[%emt 0:01:16]} 8.
Qc2 {[%emt 0:00:58]} c6 {[%emt 0:00:18]} 9. Bf4 {[%emt 0:02:39]} Bxf4 {[%emt 0:
01:19]} 10. gxf4 {[%emt 0:00:07]} b6 {[%emt 0:04:12]} 11. Ne5 {[%emt 0:00:20]}
Nxe5 $146 {[%emt 0:13:40]} (11... c5 12. dxc5 Nxc5 13. Nc3 Bb7 14. Rfd1 Rc8 15.
Rd4 Qe7 16. Rad1 dxc4 17. Bxb7 Nxb7 18. Rd7 Nxd7 19. Rxd7 Qh4 20. Rxb7 Qxf4 21.
Nf3 Rc7 22. Rxc7 Qxc7 23. Ng5 g6 24. Qe4 h6 25. Nf3 a6 26. Qe3 Kg7 27. Ne5 b5
28. Ng4 g5 29. Ne4 Qf4 30. Qh3 h5 31. Ngf6 Rh8 32. Qc3 e5 33. Qb4 Rh6 34. Ne8+
Kg8 35. N8d6 h4 36. h3 g4 37. e3 Qf3 38. Qc5 Rg6 39. Qc8+ Kh7 40. Kh2 g3+ {
0-1 (40) Bacrot,E (2709)-Adams,M (2682) England 2010}) 12. fxe5 {[%emt 0:01:19]
} Ng4 {[%emt 0:00:18]} 13. Nd2 {[%emt 0:08:50]} Ba6 {[%emt 0:02:51]} 14. cxd5 {
[%emt 0:10:39]} cxd5 {[%emt 0:00:55]} 15. Nf3 {[%emt 0:00:16]} Nh6 {[%emt 0:13:
56]} 16. Bh3 {[%emt 0:08:15]} f5 {[%emt 0:01:54]} 17. Kh1 {[%emt 0:27:57]} Kh8
{[%emt 0:14:41]} 18. Rg1 {[%emt 0:00:22]} Nf7 {[%emt 0:01:12]} 19. Rg3 {
[%emt 0:14:37]} Rc8 {[%emt 0:08:55]} 20. Qd2 {[%emt 0:00:10]} Qc7 {[%emt 0:02:
37]} 21. Ne1 {[%emt 0:01:34]} Qe7 {[%emt 0:01:38]} 22. f4 {[%emt 0:03:39]} Rc7
{[%emt 0:01:36]} 23. Ra3 {[%emt 0:03:00]} Bb5 {[%emt 0:00:28]} 24. Rb3 {
[%emt 0:00:15]} Ba6 {[%emt 0:01:03]} 25. Ra3 {[%emt 0:00:05]} Bb5 {[%emt 0:00:
14]} 26. Rb3 {[%emt 0:00:05]} Ba6 {[%emt 0:05:50]} 27. Ra3 1/2-1/2

[Event "Tata Steel-A 79th"]
[Site "Wijk aan Zee"]
[Date "2017.01.20"]
[Round "6"]
[White "Aronian, Levon"]
[Black "Carlsen, Magnus"]
[Result "1/2-1/2"]
[WhiteElo "2780"]
[BlackElo "2840"]
[PlyCount "60"]
[EventDate "2017.01.14"]
[EventType "tourn"]
[EventRounds "13"]
[EventCountry "NED"]
[EventCategory "21"]
[SourceTitle "CBM 177"]
[Source "ChessBase"]
[SourceDate "2017.03.16"]
[SourceVersion "1"]
[SourceVersionDate "2017.03.16"]
[SourceQuality "1"]
[TimeControl "40/6000+30:20/3000+30:900+30"]

1. d4 {[%emt 0:00:00]} d5 {[%emt 0:00:17]} 2. c4 {[%emt 0:00:00]} c6 {[%emt 0:
00:04]} 3. Nc3 {[%emt 0:00:00]} Nf6 {[%emt 0:00:07]} 4. e3 {[%emt 0:00:00]} a6
{[%emt 0:00:11]} 5. Nf3 {[%emt 0:00:00]} Bf5 {[%emt 0:00:11]} 6. Be2 {[%emt 0:
00:00]} h6 {[%emt 0:00:13]} 7. Qb3 {[%emt 0:00:03]} Ra7 {[%emt 0:00:08]} 8.
cxd5 {[%emt 0:00:04]} cxd5 {[%emt 0:00:06]} 9. Ne5 {[%emt 0:01:01]} e6 {
[%emt 0:00:06]} 10. Bd2 {[%emt 0:01:49]} Be7 {[%emt 0:01:34]} 11. O-O {[%emt 0:
00:15]} O-O {[%emt 0:00:07]} 12. Rfc1 {[%emt 0:00:03]} Nfd7 {[%emt 0:10:26]}
13. Nxd7 {[%emt 0:00:07]} Qxd7 {[%emt 0:00:08]} 14. Na4 {[%emt 0:00:50]} Nc6 {
[%emt 0:01:20]} 15. Qb6 $146 {[%emt 0:00:37]} (15. Nc5 Qc7 16. h3 Rc8 17. a4
Bd6 18. a5 Qe7 19. Bd3 Bxd3 20. Nxd3 Raa8 21. Rc2 Na7 22. Rac1 Rxc2 23. Rxc2 {
1/2-1/2 (23) Le,Q (2702)-Vallejo Pons,F (2706) Tromsoe 2013}) 15... Rfa8 {
[%emt 0:11:04]} 16. Nc5 {[%emt 0:00:10]} Qc8 {[%emt 0:00:19]} 17. a3 {[%emt 0:
01:55]} Bd6 {[%emt 0:08:40]} 18. g3 {[%emt 0:01:30]} Bc7 {[%emt 0:11:47]} 19.
Qb3 {[%emt 0:00:07]} Qe8 {[%emt 0:01:50]} 20. Bf1 {[%emt 0:18:02]} Rb8 {
[%emt 0:12:14]} 21. Qc3 {[%emt 0:06:21]} Bd8 {[%emt 0:06:53]} 22. Nxa6 {
[%emt 0:05:34]} bxa6 {[%emt 0:00:03]} 23. Qxc6 {[%emt 0:00:12]} Qxc6 {[%emt 0:
00:03]} 24. Rxc6 {[%emt 0:00:06]} Rxb2 {[%emt 0:00:04]} 25. Be1 {[%emt 0:00:08]
} Be7 {[%emt 0:01:58]} 26. Rxa6 {[%emt 0:10:32]} Rab7 {[%emt 0:00:10]} 27. Rc6
{[%emt 0:00:17]} Rb1 {[%emt 0:00:08]} 28. Rc1 {[%emt 0:00:05]} Rxc1 {[%emt 0:
00:06]} 29. Rxc1 {[%emt 0:00:04]} Bxa3 {[%emt 0:00:06]} 30. Ra1 {[%emt 0:00:07]
} Rb1 {[%emt 0:00:24]} 1/2-1/2

[Event "Tata Steel-A 79th"]
[Site "Wijk aan Zee"]
[Date "2017.01.25"]
[Round "10"]
[White "Harikrishna, Pentala"]
[Black "Carlsen, Magnus"]
[Result "1/2-1/2"]
[WhiteElo "2766"]
[BlackElo "2840"]
[PlyCount "73"]
[EventDate "2017.01.14"]
[EventType "tourn"]
[EventRounds "13"]
[EventCountry "NED"]
[EventCategory "21"]
[SourceTitle "CBM 177"]
[Source "ChessBase"]
[SourceDate "2017.03.16"]
[SourceVersion "1"]
[SourceVersionDate "2017.03.16"]
[SourceQuality "1"]
[TimeControl "40/6000+30:20/3000+30:900+30"]

1. e4 {[%emt 0:00:00]} e5 {[%emt 0:00:04]} 2. Nf3 {[%emt 0:00:00]} Nc6 {
[%emt 0:00:04]} 3. Nc3 {[%emt 0:00:00]} Nf6 {[%emt 0:00:12]} 4. Bb5 {[%emt 0:
00:00]} Bd6 {[%emt 0:00:43]} 5. d3 {[%emt 0:00:31]} O-O {[%emt 0:03:20]} 6. O-O
{[%emt 0:06:32]} (6. a3 Re8 7. g4 Bc5 8. Rg1 d5 9. g5 Ng4 10. Rg2 Nxf2 11. Rxf2
Bxf2+ 12. Kxf2 d4 13. Ne2 Qd6 14. Ng3 Bg4 15. Qh1 Rf8 16. Bc4 Ne7 17. h3 Be6
18. Nh4 Bxc4 19. dxc4 f6 20. Nhf5 Nxf5 21. exf5 fxg5 22. Bxg5 c6 23. Re1 d3 24.
cxd3 Qxd3 25. Qe4 Qb3 26. Re2 Rae8 27. Kg2 Rf7 28. Rd2 Ref8 29. h4 b5 30. cxb5
cxb5 31. Qxe5 h6 32. Be3 Rc8 33. Nh5 Rc2 34. f6 Rxd2+ 35. Bxd2 Qd3 {Naiditsch,
A (2687)-Malakhov,V (2713) Doha 2016 1-0 (73)}) 6... h6 {[%emt 0:01:49]} 7. a3
{[%emt 0:00:21]} Re8 {[%emt 0:00:59]} 8. h3 {[%emt 0:02:07]} Bc5 {[%emt 0:08:
08]} 9. Be3 {[%emt 0:05:39]} Nd4 {[%emt 0:03:55]} 10. Bc4 {[%emt 0:03:08]} c6 {
[%emt 0:02:43]} 11. Re1 $146 {[%emt 0:07:29]} (11. Bxd4 exd4 12. Ne2 d5 13.
exd5 Nxd5 14. Re1 Nf6 15. Qd2 Be6 16. Bxe6 Rxe6 17. Ng3 Rxe1+ 18. Rxe1 Qd7 19.
Qf4 Nd5 20. Qe5 f6 21. Qe4 Nc7 22. Qf5 Qxf5 23. Nxf5 Rd8 24. b4 Bf8 25. N5xd4
c5 26. bxc5 Bxc5 27. Nb3 Bxa3 28. Ra1 Nb5 29. Na5 Bf8 30. Nxb7 Rb8 31. Na5 Nc3
32. Nc4 Bc5 33. Kf1 f5 34. g3 f4 35. gxf4 Nd5 36. d4 Bf8 37. f5 Nf4 38. h4 Rb4
39. Ne3 a5 40. c4 a4 {Acs,P (2567)-Hera,I (2564) Hungary 2013 1/2-1/2 (74)})
11... Nxf3+ {[%emt 0:03:15]} 12. Qxf3 {[%emt 0:00:06]} Bxe3 {[%emt 0:00:06]}
13. fxe3 {[%emt 0:01:16]} b5 {[%emt 0:01:15]} 14. Ba2 {[%emt 0:00:12]} a5 {
[%emt 0:01:33]} 15. Ne2 {[%emt 0:08:01]} d6 {[%emt 0:09:33]} 16. Ng3 {[%emt 0:
03:14]} Be6 {[%emt 0:05:16]} 17. Rf1 {[%emt 0:05:34]} d5 {[%emt 0:01:59]} 18.
Rf2 {[%emt 0:05:40]} Ra7 {[%emt 0:05:48]} 19. exd5 {[%emt 0:03:18]} cxd5 {
[%emt 0:00:16]} 20. Nf5 {[%emt 0:03:12]} Kh7 {[%emt 0:08:06]} 21. Qg3 {[%emt 0:
07:10]} Bxf5 {[%emt 0:12:53]} 22. Rxf5 {[%emt 0:00:06]} Rc7 {[%emt 0:00:07]}
23. c3 {[%emt 0:05:10]} b4 {[%emt 0:05:39]} 24. cxb4 {[%emt 0:01:03]} axb4 {
[%emt 0:00:05]} 25. a4 {[%emt 0:01:33]} b3 {[%emt 0:03:29]} 26. Bxb3 {[%emt 0:
00:11]} Qb8 {[%emt 0:00:23]} 27. Ra3 {[%emt 0:02:53]} e4 {[%emt 0:01:26]} 28.
Kh2 {[%emt 0:04:19]} exd3 {[%emt 0:06:35]} 29. Bxd5 {[%emt 0:00:39]} d2 {
[%emt 0:01:02]} 30. Rd3 {[%emt 0:07:55]} Rc2 {[%emt 0:15:11]} 31. Qxb8 {
[%emt 0:04:20]} Rxb8 {[%emt 0:00:01]} 32. b3 {[%emt 0:01:22]} Nxd5 {[%emt 0:00:
24]} 33. Rfxd5 {[%emt 0:00:11]} d1=Q {[%emt 0:00:06]} 34. Rxd1 {[%emt 0:00:05]}
Rxb3 {[%emt 0:00:10]} 35. R5d2 {[%emt 0:03:11]} Rxd2 {[%emt 0:00:07]} 36. Rxd2
{[%emt 0:00:04]} Ra3 {[%emt 0:00:07]} 37. Kg1 {[%emt 0:00:23]} 1/2-1/2